[Event "Mirandola Giovanni Pico 3rd"]
[Site "Mirandola"]
[Date "2010.01.16"]
[Round "2"]
[White "Carbone, Lorenzo"]
[Black "Correggiari, Amedeo Luigi"]
[Result "1-0"]
[WhiteElo "1751"]
[BlackElo "1494"]
[PlyCount "57"]
[EventDate "2010.01.15"]
[EventType "swiss"]
[EventRounds "5"]
[EventCountry "ITA"]
[SourceTitle "EXT 2024"]
[Source "ChessBase"]
[SourceDate "2023.10.10"]
[SourceVersion "1"]
[SourceVersionDate "2023.10.10"]
[SourceQuality "1"]

1. e4 d5 2. exd5 Qxd5 3. Nc3 Qa5 4. d4 Nf6 5. Bd3 Bf5 6. Bxf5 Qxf5 7. Qf3 Qxf3 8. Nxf3 e6 9. 0-0 c6 10. Bg5 Be7 11. Rfe1 Nbd7 12. Rad1 h6 13. Bxf6 Bxf6 14. Ne4 Be7 15. c4 0-0-0 16. Nc3 Bb4 17. Re3 Rhe8 18. a3 Bxc3 19. Rxc3 Nc5 20. Re3 f6 21. Rde1 Na4 22. b3 Nb6 23. Rxe6 Kd7 24. Rxe8 Rxe8 25. Rxe8 Kxe8 26. Kf1 a5 27. Nd2 Ke7 28. Ke2 Kd6 29. c5+ 1-0

[Event "Mirandola Giovanni Pico 3rd"]
[Site "Mirandola"]
[Date "2010.01.16"]
[Round "4"]
[White "Proietti, Tosca"]
[Black "Correggiari, Amedeo Luigi"]
[Result "1-0"]
[WhiteElo "1816"]
[BlackElo "1494"]
[PlyCount "55"]
[EventDate "2010.01.15"]
[EventType "swiss"]
[EventRounds "5"]
[EventCountry "ITA"]
[SourceTitle "EXT 2024"]
[Source "ChessBase"]
[SourceDate "2023.10.10"]
[SourceVersion "1"]
[SourceVersionDate "2023.10.10"]
[SourceQuality "1"]

1. e4 d5 2. exd5 Qxd5 3. Nc3 Qa5 4. d4 Nf6 5. Bc4 Bf5 6. Bd2 c6 7. Nge2 e6 8. Ne4 Qd8 9. N4g3 Be4 10. 0-0 Bd5 11. Bd3 c5 12. c3 Bd6 13. Bg5 h6 14. Bxf6 Qxf6 15. dxc5 Bf4 16. Qa4+ Bc6 17. Qxf4 Qxf4 18. Nxf4 g5 19. Nfh5 Nd7 20. b4 0-0 21. c4 Rad8 22. Be4 f5 23. Bxc6 bxc6 24. f4 Kh7 25. Ne2 Kg6 26. Nhg3 h5 27. Nd4 Rfe8 28. Nxc6 1-0

[Event "Mirandola Giovanni Pico op 2nd"]
[Site "Mirandola"]
[Date "2009.01.11"]
[Round "5"]
[White "Correggiari, Amedeo Luigi"]
[Black "Boni, Gianni"]
[Result "0-1"]
[WhiteElo "1440"]
[BlackElo "1883"]
[PlyCount "32"]
[EventDate "2009.01.09"]
[EventType "swiss"]
[EventRounds "5"]
[EventCountry "ITA"]
[SourceTitle "EXT 2011"]
[Source "ChessBase"]
[SourceDate "2010.11.26"]
[SourceVersion "1"]
[SourceVersionDate "2010.11.26"]
[SourceQuality "1"]

1. d4 b6 2. Nf3 Bb7 3. e3 Nf6 4. Bd3 e6 5. 0-0 Ne4 6. Nbd2 f5 7. Ne5 Qf6 8. Nxe4 fxe4 9. Be2 d6 10. Ng4 Qe7 11. f4 Nd7 12. c4 0-0-0 13. a3 e5 14. c5 dxc5 15. dxe5 Nxe5 16. Nxe5 Rxd1 0-1